00582nam a22001817a 450000500170000001000150001702000260003203500140005803700090007208200080008110000280008924500760011726000550019327000870024830000270033570000170036270000210037920220217161158.0 aENG-131661 a9788195267859c999.00 aEN-115193 bDBAD a530 aPatra, P. Santosh Kumar aNetwork Analysis and Transmission Lines/cP. Santosh Kumar Patra et.al. aHyderabadbSunRaise International Publishersc2021 a# 326/C, Level-2, Surneni Nilayam Near B K Guda Park, S R NagarbHyderabade500038 aviii, 462p.c24cm(pbk) aPriyanka, P. aManoj, N. Daniel